La fotografía de Javier Pérez Castelblanco.

Đã lưu trong:
Chi tiết về thư mục
Tác giả chính: Valderas, Arturo (autor)
Tác giả khác: Pérez, Javiera (autora), Aguirre, Ignacio (autor)
Định dạng: Sách
Được phát hành: Chile: Liquen, 2021.
Những chủ đề:
Các nhãn: Thêm thẻ
Không có thẻ, Là người đầu tiên thẻ bản ghi này!

MARC

LEADER 00000nam a22000007a 4500
003 CL-VaPUC
005 20250407202443.0
008 250312t2021 ||||| |||| 00| 0 eng d
999 |c 447261  |d 447259 
020 |a 978-956-404-601-3 
040 |c Pontificia Universidad Católica de Valparaíso 
082 7 |2 22  |a 779 VAL 2021  
100 1 |a Valderas, Arturo  |e autor  |9 896654 
245 1 3 |a La fotografía de Javier Pérez Castelblanco. 
260 |a Chile:  |b Liquen,  |c 2021. 
300 |a 361 páginas :  |b ilustraciones. 
500 |a c.1. Instituto Arcos 8-1-2025. Fotografía - Archivo 1940/1970 -- Cubierta. 
583 |c 20250312  |k Cristina María Rojas Aguilar 
600 |a Pérez Castelblanco, Javier   |e Fotógrafo   |x Exposiciones  |z Chile   |9 896655 
650 |a Fotografía   |z Chile  |v Exposiciones   |9 896656 
700 |a Pérez, Javiera  |e autora  |9 896657 
700 |a Aguirre, Ignacio   |e autor  |9 896658 
942 |2 ddc  |c BK  |n 0 
952 |0 0  |1 0  |2 ddc  |4 0  |6 779_000000000000000_VAL_2021  |7 0  |8 A  |9 601025  |a BIBINC  |b BIBINC  |d 2025-03-12  |e Instituto Arcos  |i 5665843  |o 779 VAL 2021  |p 5665843  |r 2025-03-12  |t 1  |w 2025-03-12  |y BK  |k IFP